000
00165nam a22000857a 4500
082
_a
823
100
_a
SATHEESHAN
245
_a
FOLK TALES FROM UTTAR PRADESH
942
_c
BK
999
_c
8099
_d
8099